[Event "ITT Ciudad de Villa Martelli"]
[Site "Villa Martelli"]
[Date "2006.07.30"]
[Round "7"]
[White "Goldwaser, Christian"]
[Black "Paglilla, Carlos"]
[Result "1/2-1/2"]
[WhiteElo "2359"]
[BlackElo "2371"]
[PlyCount "44"]
[EventDate "2006.07.24"]
[EventType "tourn"]
[EventRounds "11"]
[EventCountry "ARG"]
[EventCategory "2"]

1. d4 Nf6 2. Nf3 g6 3. c4 c5 4. Nc3 Bg7 5. g3 O-O 6. Bg2 cxd4 7. Nxd4 Nc6 8.
Nc2 d6 9. O-O Be6 10. b3 Qd7 11. Bb2 Bh3 12. Ne3 Bxg2 13. Kxg2 Ne4 14. Ned5
Nxc3 15. Bxc3 Bxc3 16. Nxc3 a5 17. Qd2 Nb4 18. Rad1 Rfd8 19. e4 Rac8 20. Rfe1
b6 21. Re2 Qb7 22. Kg1 Nc6 1/2-1/2

[Event "ITT Ciudad de Villa Martelli"]
[Site "Villa Martelli"]
[Date "2006.07.30"]
[Round "7"]
[White "Izquierdo, Daniel"]
[Black "Guerrero, Alvaro"]
[Result "1-0"]
[WhiteElo "2319"]
[BlackElo "2168"]
[PlyCount "111"]
[EventDate "2006.07.24"]
[EventType "tourn"]
[EventRounds "11"]
[EventCountry "ARG"]
[EventCategory "2"]

1. d4 f5 2. Nf3 Nf6 3. Nc3 d5 4. Bg5 Nbd7 5. e3 c6 6. Bd3 g6 7. h4 Nh5 8. Qd2
Bg7 9. O-O-O Qa5 10. Kb1 Qc7 11. Ne2 Ndf6 12. Nf4 Nxf4 13. Bxf4 Qd8 14. Ne5 Nh5
15. Bh2 Bf6 16. f3 O-O 17. g4 Bxe5 18. gxh5 Bxh2 19. Qxh2 gxh5 20. Rdg1+ Kh8
21. Qg3 Rf7 22. Qg5 Qf8 23. Qxh5 Be6 24. Rg5 Rf6 25. f4 Bf7 26. Qe2 e6 27. Rhg1
Qe7 28. h5 h6 29. Rg7 Rg8 30. Rxg8+ Bxg8 31. c4 Bh7 32. a3 Rf8 33. Qf2 Rg8 34.
Rxg8+ Kxg8 35. c5 Kf8 36. b4 a6 37. Kb2 Bg8 38. Kc3 Bf7 39. Be2 Qe8 40. Qh4 Qe7
41. Qh2 Be8 42. a4 Qd8 43. Qg3 Qc7 44. Kb3 Qe7 45. Qh2 Qg7 46. b5 axb5 47. axb5
cxb5 48. Kb4 Qd7 49. Qh4 Qe7 50. Qg3 b6 51. Qe1 Qa7 52. cxb6 Qa4+ 53. Kc5 Qc2+
54. Kd6 Qc6+ 55. Ke5 Kf7 56. Qa5 1-0

[Event "ITT Ciudad de Villa Martelli"]
[Site "Villa Martelli"]
[Date "2006.07.30"]
[Round "7"]
[White "Valiente, Cristobal"]
[Black "Gattass, Allan"]
[Result "1/2-1/2"]
[WhiteElo "2304"]
[BlackElo "2197"]
[PlyCount "96"]
[EventDate "2006.07.24"]
[EventType "tourn"]
[EventRounds "11"]
[EventCountry "ARG"]
[EventCategory "2"]

1. c4 g6 2. Nc3 Bg7 3. g3 c5 4. Bg2 Nc6 5. e3 Ne5 6. d3 e6 7. Nge2 Ne7 8. O-O
O-O 9. e4 b6 10. f4 N5c6 11. Be3 d6 12. d4 e5 13. dxe5 dxe5 14. f5 f6 15. g4
Nd4 16. Ng3 g5 17. h4 h6 18. Nh5 Qd6 19. Qd2 Rf7 20. Rad1 Ba6 21. b3 Rd8 22.
Kf2 Kf8 23. Rh1 Ng8 24. Nd5 Bb7 25. Ng3 Rc8 26. Rb1 Ba6 27. hxg5 fxg5 28. Nh5
Bb7 29. Rhc1 Nc6 30. a3 Nb8 31. b4 Nd7 32. Kg1 Bxd5 33. cxd5 Ngf6 34. Nxf6 Bxf6
35. Bf1 Nb8 36. bxc5 bxc5 37. Qa5 Rfc7 38. Rxb8 Rxb8 39. Bxc5 Rxc5 40. Qxc5
Qxc5+ 41. Rxc5 Be7 42. Rc6 Rb6 43. Rxb6 axb6 44. a4 Ke8 45. Kf2 Kd7 46. Ke3 Kd6
47. Kd3 Kc5 48. Kc3 Bd6 1/2-1/2

[Event "ITT Ciudad de Villa Martelli"]
[Site "Villa Martelli"]
[Date "2006.07.31"]
[Round "8"]
[White "Della Morte, Pablo"]
[Black "Valiente, Cristobal"]
[Result "1/2-1/2"]
[WhiteElo "2284"]
[BlackElo "2304"]
[PlyCount "82"]
[EventDate "2006.07.24"]
[EventType "tourn"]
[EventRounds "11"]
[EventCountry "ARG"]
[EventCategory "2"]

1. e4 e6 2. d4 d5 3. Nc3 Nf6 4. e5 Nfd7 5. Nce2 c5 6. c3 Nc6 7. f4 Be7 8. Nf3
O-O 9. g3 cxd4 10. cxd4 Nb6 11. Kf2 Bd7 12. Kg2 Rc8 13. h4 f6 14. h5 Qe8 15. h6
g6 16. exf6 Bxf6 17. Nc3 Qe7 18. Rb1 Na5 19. Bd3 Nac4 20. Re1 Rfe8 21. Ne5 Qf8
22. Qg4 Qxh6 23. Nxd7 Nxd7 24. Rxe6 Qg7 25. Nxd5 Ncb6 26. Qe2 Qf7 27. Nxf6+
Nxf6 28. f5 Nfd5 29. Bb5 Re7 30. Rxe7 Nxe7 31. fxg6 hxg6 32. Bf4 Nf5 33. Qe5
Rc2+ 34. Kg1 Qxa2 35. Re1 Qd5 36. Qe8+ Kh7 37. Re7+ Nxe7 38. Qxe7+ Kg8 39. Qe8+
Kh7 40. Qe7+ Kg8 41. Qe8+ Kh7 1/2-1/2

[Event "ITT Ciudad de Villa Martelli"]
[Site "Villa Martelli"]
[Date "2006.07.31"]
[Round "8"]
[White "Fusco, Leonardo"]
[Black "Born, Carlos Rodrigo"]
[Result "0-1"]
[WhiteElo "2249"]
[BlackElo "2132"]
[PlyCount "118"]
[EventDate "2006.07.24"]
[EventType "tourn"]
[EventRounds "11"]
[EventCountry "ARG"]
[EventCategory "2"]

1. e4 Nf6 2. e5 Nd5 3. d4 d6 4. Nf3 Bg4 5. Be2 Nc6 6. c4 Nb6 7. exd6 exd6 8.
O-O Be7 9. Na3 O-O 10. b3 Bf6 11. Nc2 Re8 12. Bb2 Qd7 13. Ne3 Bh5 14. Rb1 Ne7
15. Qc2 Bg6 16. Bd3 Rad8 17. h3 h5 18. Nd2 d5 19. c5 Nbc8 20. Rbe1 Bxd3 21.
Qxd3 Ng6 22. f4 Bh4 23. Rd1 Bg3 24. Nxd5 Qxd5 25. Qxg3 Nce7 26. Nc4 h4 27. Qf3
Nf5 28. Qxd5 Rxd5 29. Rf3 Re4 30. Kf2 Nxf4 31. Ne3 Nxe3 32. Rxe3 Rxe3 33. Kxe3
Ne6 34. b4 c6 35. a4 Rg5 36. Rd2 Nc7 37. b5 Nd5+ 38. Kd3 f6 39. Kc4 Kf7 40. a5
a6 41. bxa6 bxa6 42. Rd3 Rg3 43. Rxg3 hxg3 44. Kd3 Nf4+ 45. Ke4 Nxg2 46. Kf3
Ne1+ 47. Kxg3 Ke6 48. Bc3 Nc2 49. Kg4 g6 50. d5+ cxd5 51. c6 d4 52. c7 Kd7 53.
Bd2 Kxc7 54. Kf3 Ne3 55. Ke4 Kc6 56. Kxd4 Nf5+ 57. Kc4 Nd6+ 58. Kd4 Nf7 59. Kc4
Nd6+ 0-1

[Event "ITT Ciudad de Villa Martelli"]
[Site "Villa Martelli"]
[Date "2006.07.31"]
[Round "8"]
[White "Gattass, Allan"]
[Black "Izquierdo, Daniel"]
[Result "1/2-1/2"]
[WhiteElo "2197"]
[BlackElo "2319"]
[PlyCount "142"]
[EventDate "2006.07.24"]
[EventType "tourn"]
[EventRounds "11"]
[EventCountry "ARG"]
[EventCategory "2"]

1. e4 c6 2. d4 d5 3. e5 Bf5 4. Nf3 e6 5. Be2 h5 6. b3 Nh6 7. O-O Be7 8. c4 Bg6
9. Nc3 Nf5 10. Bb2 h4 11. Rc1 Bh5 12. cxd5 cxd5 13. Ne1 Bxe2 14. Nxe2 Nc6 15.
Nd3 Qb6 16. Nc5 Rc8 17. Na4 Qa6 18. a3 b6 19. b4 g6 20. Nac3 Qb7 21. Qd3 Kf8
22. g4 hxg3 23. fxg3 Bg5 24. Nd1 Bxc1 25. Bxc1 Ncxd4 26. Nec3 Rc4 27. g4 Nh4
28. Bg5 Qc7 29. Bf6 Rh7 30. Rf2 Nc6 31. Qg3 g5 32. Nb2 Nd4 33. Nxc4 Qxc4 34.
Bxg5 Ng6 35. h4 Nc6 36. Bf6 Ke8 37. h5 Nf8 38. Rf4 Qb3 39. b5 Na5 40. a4 Qc2
41. Rf2 Qc1+ 42. Kh2 Nc4 43. Nxd5 exd5 44. e6 Nxe6 45. Qb8+ Kd7 46. Qb7+ Nc7
47. Qc6+ Kc8 48. Be5 Nxe5 49. Qxc1 Nxg4+ 50. Kg2 Nxf2 51. Kxf2 Rxh5 52. Qf4 f5
53. Qf3 Rh4 54. Qa3 Kb7 55. Kg3 Rc4 56. Qb3 Ne6 57. Qf3 Rg4+ 58. Kh2 Nc7 59.
Qd1 Re4 60. Kg3 f4+ 61. Kf3 Kc8 62. Qc2 Rc4 63. Qd1 Kd7 64. Kg4 Kd6 65. Qb3 Ne6
66. a5 Nc5 67. Qb1 Nd7 68. Qg6+ Kc7 69. Kh3 f3 70. Qd3 Rc5 71. Kg3 bxa5 1/2-1/2

[Event "ITT Ciudad de Villa Martelli"]
[Site "Villa Martelli"]
[Date "2006.07.31"]
[Round "8"]
[White "Goldwaser, Christian"]
[Black "Duarte, Leonardo"]
[Result "1/2-1/2"]
[WhiteElo "2359"]
[BlackElo "2390"]
[PlyCount "134"]
[EventDate "2006.07.24"]
[EventType "tourn"]
[EventRounds "11"]
[EventCountry "ARG"]
[EventCategory "2"]

1. d4 Nf6 2. c4 c5 3. d5 b5 4. cxb5 a6 5. bxa6 Bxa6 6. Nc3 g6 7. Nf3 Bg7 8. g3
d6 9. Bg2 Nbd7 10. Rb1 Ng4 11. O-O O-O 12. Qc2 Qa5 13. Bd2 Rfb8 14. b3 Nge5 15.
Nh4 Qb4 16. Bh3 Nf6 17. Rfe1 Bb7 18. Nf3 Ned7 19. e4 Qb6 20. Bf4 Rd8 21. Bg2
Ng4 22. a4 Ba6 23. Bf1 Bxf1 24. Rxf1 Qb4 25. Nb5 Qa5 26. Bd2 Qb6 27. Bc3 Bxc3
28. Qxc3 Qa5 29. Rfc1 Rdb8 30. h3 Nge5 31. Nd2 Nf6 32. Kg2 Qd8 33. f4 Ned7 34.
Qd3 Nb6 35. Ra1 Qd7 36. Nc4 Ne8 37. Qe3 Nc7 38. Nxb6 Rxb6 39. Nxc7 Qxc7 40. b4
Rba6 41. bxc5 dxc5 42. Qxc5 Qxc5 43. Rxc5 Rxa4 44. Rc8+ Rxc8 45. Rxa4 h5 46.
Ra3 Kf8 47. Kf3 Ke8 48. Ke3 Rc4 49. Kd3 Rb4 50. Ke3 f6 51. Rc3 Kf7 52. Kf3 Rb1
53. Rd3 Re1 54. Rd4 Ra1 55. e5 Ra3+ 56. Kf2 fxe5 57. fxe5 g5 58. d6 exd6 59.
exd6 Ke8 60. d7+ Kd8 61. Rd5 h4 62. Rxg5 hxg3+ 63. Kg2 Kxd7 64. Re5 Ra6 65.
Kxg3 Re6 66. Rf5 Ke7 67. h4 Rf6 1/2-1/2

[Event "ITT Ciudad de Villa Martelli"]
[Site "Villa Martelli"]
[Date "2006.07.31"]
[Round "8"]
[White "Paglilla, Carlos"]
[Black "Guerrero, Alvaro"]
[Result "1-0"]
[WhiteElo "2371"]
[BlackElo "2168"]
[PlyCount "74"]
[EventDate "2006.07.24"]
[EventType "tourn"]
[EventRounds "11"]
[EventCountry "ARG"]
[EventCategory "2"]

1. e4 d6 2. d4 Nf6 3. f3 g6 4. c4 Bg7 5. Ne2 O-O 6. Nec3 a6 7. Bd3 Nc6 8. d5
Ne5 9. Be2 e6 10. a4 Ne8 11. f4 Nd7 12. dxe6 fxe6 13. O-O Nc5 14. Be3 b6 15. a5
Bb7 16. Nd2 e5 17. f5 Nf6 18. axb6 cxb6 19. Qc2 a5 20. Nb3 Ncd7 21. Rad1 Qe7
22. fxg6 hxg6 23. Nd5 Qd8 24. Nxf6+ Rxf6 25. c5 bxc5 26. Nxc5 Rxf1+ 27. Bxf1
Nxc5 28. Bxc5 Qc8 29. Qb3+ Kh7 30. Bxd6 Qc6 31. Qh3+ Kg8 32. Qe6+ Kh7 33. Rd3
Qe8 34. Rh3+ Bh6 35. Qxe5 Bxe4 36. Qg5 Rc8 37. Qxh6+ Kg8 1-0

[Event "ITT Ciudad de Villa Martelli"]
[Site "Villa Martelli"]
[Date "2006.07.31"]
[Round "8"]
[White "Zuriel, Marisa"]
[Black "Diaz, Nahuel"]
[Result "1/2-1/2"]
[WhiteElo "2186"]
[BlackElo "2420"]
[PlyCount "79"]
[EventDate "2006.07.24"]
[EventType "tourn"]
[EventRounds "11"]
[EventCountry "ARG"]
[EventCategory "2"]

1. e4 e5 2. Nf3 Nc6 3. d4 exd4 4. Nxd4 Nf6 5. Nc3 Bb4 6. Nxc6 bxc6 7. Bd3 O-O
8. O-O d5 9. exd5 cxd5 10. Bg5 c6 11. Qf3 Rb8 12. Bxf6 Qxf6 13. Qxf6 gxf6 14.
Ne2 Re8 15. Ng3 Re5 16. c3 Bf8 17. b3 a5 18. Rab1 Bd7 19. Rfe1 Bh6 20. Re2 Be6
21. Kf1 c5 22. Bc2 Bf4 23. Bd3 h5 24. Rxe5 fxe5 25. Nxh5 Bd2 26. c4 dxc4 27.
bxc4 Rxb1+ 28. Bxb1 Bxc4+ 29. Kg1 Bg5 30. Ng3 Kf8 31. Nf5 Ba6 32. f3 c4 33. Kf2
c3 34. h4 Bd8 35. h5 Bc4 36. Ke1 Bg5 37. Kd1 Be6 38. Nd6 Be7 39. Ne4 Bb4 40. g4
1/2-1/2

[Event "ITT Ciudad de Villa Martelli"]
[Site "Villa Martelli"]
[Date "2006.08.01"]
[Round "9"]
[White "Born, Carlos Rodrigo"]
[Black "Goldwaser, Christian"]
[Result "1/2-1/2"]
[WhiteElo "2132"]
[BlackElo "2359"]
[PlyCount "77"]
[EventDate "2006.07.24"]
[EventType "tourn"]
[EventRounds "11"]
[EventCountry "ARG"]
[EventCategory "2"]

1. b4 d5 2. Bb2 f6 3. a3 e5 4. e3 Bd6 5. Nf3 Be6 6. d4 e4 7. Nfd2 c6 8. c4 f5
9. g3 Nd7 10. Nc3 Ngf6 11. b5 h5 12. h4 Ng4 13. Qb3 O-O 14. Be2 Rc8 15. Bxg4
dxc4 16. Qc2 hxg4 17. bxc6 bxc6 18. Na4 Qc7 19. Rg1 c5 20. d5 Bxd5 21. Nxc4
Bxc4 22. Qxc4+ Kh7 23. Rd1 Nb6 24. Nxb6 axb6 25. Qe6 Rcd8 26. h5 Qe7 27. Qg6+
Kg8 28. Rd5 c4 29. h6 Bb4+ 30. Ke2 c3 31. hxg7 Rf6 32. Qh5 Kxg7 33. Rh1 Rxd5
34. Qh8+ Kf7 35. Rh7+ Ke6 36. Qc8+ Qd7 37. Rxd7 Rxd7 38. Qc4+ Rd5 39. Qxb4
1/2-1/2

[Event "ITT Ciudad de Villa Martelli"]
[Site "Villa Martelli"]
[Date "2006.08.01"]
[Round "9"]
[White "Diaz, Nahuel"]
[Black "Fusco, Leonardo"]
[Result "1/2-1/2"]
[WhiteElo "2420"]
[BlackElo "2249"]
[PlyCount "57"]
[EventDate "2006.07.24"]
[EventType "tourn"]
[EventRounds "11"]
[EventCountry "ARG"]
[EventCategory "2"]

1. d4 Nf6 2. Nf3 g6 3. g3 Bg7 4. Bg2 O-O 5. b3 c5 6. O-O cxd4 7. Bb2 d5 8. Nxd4
e5 9. Nf3 e4 10. Nd4 e3 11. f3 Nc6 12. Nxc6 bxc6 13. Nc3 h5 14. Na4 h4 15. g4
Qc7 16. h3 g5 17. f4 gxf4 18. Qe1 Ne4 19. Bxe4 dxe4 20. Qxh4 Bxb2 21. Nxb2 f6
22. Qh6 f3 23. Qg6+ Kh8 24. Qh6+ Kg8 25. exf3 e2 26. Qg6+ Kh8 27. Qh6+ Kg8 28.
Qg6+ Kh8 29. Qh6+ 1/2-1/2

[Event "ITT Ciudad de Villa Martelli"]
[Site "Villa Martelli"]
[Date "2006.08.01"]
[Round "9"]
[White "Izquierdo, Daniel"]
[Black "Della Morte, Pablo"]
[Result "0-1"]
[WhiteElo "2319"]
[BlackElo "2284"]
[PlyCount "124"]
[EventDate "2006.07.24"]
[EventType "tourn"]
[EventRounds "11"]
[EventCountry "ARG"]
[EventCategory "2"]

1. d4 Nf6 2. Nf3 g6 3. Bf4 Bg7 4. Nbd2 O-O 5. e4 d5 6. e5 Ne4 7. Bd3 f5 8. exf6
exf6 9. O-O f5 10. c4 c6 11. Qb3 Kh8 12. Rad1 a5 13. Be5 a4 14. Bxg7+ Kxg7 15.
Qa3 Nd7 16. cxd5 cxd5 17. Ne5 Nxe5 18. dxe5 Qc7 19. Nf3 Qc5 20. Qxc5 Nxc5 21.
Bb5 Rd8 22. Nd4 Bd7 23. Rc1 b6 24. Rfd1 f4 25. f3 Ra7 26. Bc6 Re8 27. Nb5 Ra5
28. Bxd7 Nxd7 29. Rxd5 Nxe5 30. Rc7+ Kh6 31. h4 Re6 32. Kh2 Re8 33. Rb7 Re6 34.
a3 g5 35. hxg5+ Kg6 36. Kh3 Nd3 37. Kh4 Nc5 38. Nc7 Rc6 39. Rxc5 Raxc5 40. Ne8
Rc1 41. Kg4 h5+ 42. gxh6 Kxh6 43. Kxf4 R1c4+ 44. Ke5 R4c5+ 45. Kd4 Rb5 46. g4
Rxb2 47. Ng7 Kg5 48. Rf7 Rb3 49. Nh5 Rxa3 50. Rf5+ Kh4 51. Nf6 Kg3 52. Ne4+ Kg2
53. f4 Ra1 54. Rf8 a3 55. Ra8 Kf3 56. Ke5 b5 57. f5 b4 58. f6 Re1 59. Kd5 Rc7
60. Kd6 Rec1 61. f7 Kxe4 62. Re8+ Kd4 0-1

[Event "ITT Ciudad de Villa Martelli"]
[Site "Villa Martelli"]
[Date "2006.08.01"]
[Round "9"]
[White "Valiente, Cristobal"]
[Black "Zuriel, Marisa"]
[Result "1/2-1/2"]
[WhiteElo "2304"]
[BlackElo "2186"]
[PlyCount "20"]
[EventDate "2006.07.24"]
[EventType "tourn"]
[EventRounds "11"]
[EventCountry "ARG"]
[EventCategory "2"]

1. b3 e5 2. Bb2 Nc6 3. c4 d6 4. e3 f5 5. d3 Nf6 6. Be2 g6 7. Nf3 Bg7 8. Nc3 O-O
9. a3 a5 10. Qc2 Bd7 1/2-1/2

[Event "ITT Ciudad de Villa Martelli"]
[Site "Villa Martelli"]
[Date "2006.08.02"]
[Round "10"]
[White "Fusco, Leonardo"]
[Black "Valiente, Cristobal"]
[Result "1/2-1/2"]
[WhiteElo "2249"]
[BlackElo "2304"]
[PlyCount "36"]
[EventDate "2006.07.24"]
[EventType "tourn"]
[EventRounds "11"]
[EventCountry "ARG"]
[EventCategory "2"]

1. d4 Nf6 2. c4 e6 3. Nc3 Bb4 4. Qc2 O-O 5. Bg5 h6 6. Bh4 c5 7. e3 Nc6 8. dxc5
Bxc5 9. Nf3 b6 10. Be2 Bb7 11. O-O Be7 12. Rad1 d6 13. Rd2 Qb8 14. Rfd1 Rd8 15.
h3 a6 16. Bg3 Ne5 17. Bxe5 dxe5 18. Rxd8+ Bxd8 1/2-1/2

[Event "ITT Ciudad de Villa Martelli"]
[Site "Villa Martelli"]
[Date "2006.08.02"]
[Round "10"]
[White "Zuriel, Marisa"]
[Black "Izquierdo, Daniel"]
[Result "1-0"]
[WhiteElo "2186"]
[BlackElo "2319"]
[PlyCount "95"]
[EventDate "2006.07.24"]
[EventType "tourn"]
[EventRounds "11"]
[EventCountry "ARG"]
[EventCategory "2"]

1. e4 e5 2. Nf3 Nf6 3. Nxe5 d6 4. Nf3 Nxe4 5. Nc3 Nxc3 6. dxc3 Be7 7. Be3 Nd7
8. Qd2 Nf6 9. O-O-O Bg4 10. Be2 Qd7 11. Kb1 c5 12. h3 Bf5 13. Bf4 Rd8 14. Bd3
O-O 15. Rhe1 Rfe8 16. g4 Bxd3 17. Qxd3 Qc6 18. c4 d5 19. Ne5 Qc8 20. g5 Ne4 21.
Ng4 Bf8 22. cxd5 c4 23. Qf3 Qf5 24. Ne3 Qg6 25. Nxc4 Nxg5 26. Bxg5 Qxg5 27.
Rxe8 Rxe8 28. d6 Qb5 29. d7 Rd8 30. Qd5 Qb4 31. a3 Qe7 32. Na5 Qf6 33. Nxb7 Be7
34. Nxd8 Bxd8 35. Qe4 g6 36. f4 h5 37. c4 Qb6 38. Qe8+ Kg7 39. Qe5+ Kh7 40. f5
Qb3 41. fxg6+ fxg6 42. Qd5 Bf6 43. Rd2 Kg7 44. d8=Q Bxd8 45. Qxd8 Qxh3 46. Qd7+
Qxd7 47. Rxd7+ Kf6 48. c5 1-0

[Event "ITT Ciudad de Villa Martelli"]
[Site "Villa Martelli"]
[Date "2006.08.03"]
[Round "11"]
[White "Izquierdo, Daniel"]
[Black "Fusco, Leonardo"]
[Result "1/2-1/2"]
[WhiteElo "2319"]
[BlackElo "2249"]
[PlyCount "20"]
[EventDate "2006.07.24"]
[EventType "tourn"]
[EventRounds "11"]
[EventCountry "ARG"]
[EventCategory "2"]

1. d4 d5 2. c4 e6 3. Nc3 Nf6 4. cxd5 exd5 5. Bf4 c6 6. e3 Bd6 7. Bxd6 Qxd6 8.
Nf3 O-O 9. Bd3 Bg4 10. h3 Bxf3 1/2-1/2

[Event "ITT Ciudad de Villa Martelli"]
[Site "Villa Martelli"]
[Date "2006.08.03"]
[Round "11"]
[White "Valiente, Cristobal"]
[Black "Goldwaser, Christian"]
[Result "1/2-1/2"]
[WhiteElo "2304"]
[BlackElo "2359"]
[PlyCount "22"]
[EventDate "2006.07.24"]
[EventType "tourn"]
[EventRounds "11"]
[EventCountry "ARG"]
[EventCategory "2"]

1. e4 e6 2. d4 d5 3. Nd2 Nf6 4. e5 Nfd7 5. c3 c5 6. Bd3 Nc6 7. Ne2 cxd4 8. cxd4
f6 9. exf6 Nxf6 10. Nf3 Bd6 11. O-O O-O 1/2-1/2